| 000 | 00391nam a2200145Ia 4500 | ||
|---|---|---|---|
| 008 | 100122s9999 xx 000 0 und d | ||
| 082 |
_b71589 _a150 |
||
| 100 | _aSCOTT STEVEN K | ||
| 245 | _aSIMPLE STEPS TO IMPOSSIBLE DREAMS | ||
| 260 |
_bFIRE SIDE _c1999 |
||
| 300 | _a269 | ||
| 630 | _aSIMPLE STEPS TO IMPOSSIBLE DREAMS | ||
| 730 | _aSIMPLE STEPS TO IMPOSSIBLE DREAMS | ||
| 942 | _cBOOK | ||
| 999 |
_c382464 _d382461 |
||